000 01025nam a22002537a 4500
005 20170123162336.0
010 _aA-770341
020 _c60.00
035 _aA-770341
037 _bCen Lib/Ret
040 _aDPL
_bUR
082 _a841.08
_bک ل ب
245 _aحکیم کلب علی شاہد :
_cمرتب خورشید مصطفیٰ رضوی
_bشخصیت اور فن /
246 _aHakeem kalb-e-Ali shahid : shakhsiyat aur fun /
_bcompiled by Khursheed Mustafa Rizvi
260 _aنیی دہلی
_bتخلیقکار پبلیکیشنز
_c1994
270 _bنیی دہلی
_a١٧٧٩، کوچہ دکھنی رائی دریاگنج
_e110002
300 _a184p.
_c21cm(Hb)
650 _a ادب - اردو
_9124457
650 _aاردو سونے امری -- کلب علی شاہد
_9124458
650 _aLiterature -- Urdu
_9124459
650 _aUrdu biography -- Kalb-e-Ali Shahid
_9124460
700 _aرضوی، خورشید مصطفیٰ
_9115596
942 _2ddc
_cUR
_h841.08
_mک ل ب
999 _c108187
_d108187